logo

Bir Sreshtho Munshi Abdur Rouf Library
Jhenaidah Cadet College

The complete essays and other writings of Ralph Waldo Emerson / (Record no. 9029)

MARC details
000 -LEADER
fixed length control field 00676cam a2200229 a 4500
001 - CONTROL NUMBER
JCCL Control Number 9029
003 - CONTROL NUMBER IDENTIFIER
JCCL marc code BD - JhCC
005 - DATE AND TIME OF LATEST TRANSACTION
control field 20180314181437.0
008 - FIXED-LENGTH DATA ELEMENTS--GENERAL INFORMATION
fixed length control field 180314s1950 nyu 000 0 eng d
035 ## - SYSTEM CONTROL NUMBER
system control number (BD - JhCC)9029
040 ## - CATALOGING SOURCE
Original cataloging agency IMR
Transcribing agency IMR
Modifying agency BTCTA
-- YDXCP
-- DLC
-- BD - JhCC
041 ## - LANGUAGE CODE
Language code of Book eng
050 00 - LIBRARY OF CONGRESS CALL NUMBER
Classification number PS1603
Item number .B35 2010
082 ## - DEWEY DECIMAL CLASSIFICATION NUMBER
Classification number 814.36
Author mark and Year COM 1950
245 ## - TITLE STATEMENT
Title The complete essays and other writings of Ralph Waldo Emerson /
Statement of responsibility, etc Brooks Atkinson
260 ## - PUBLICATION, DISTRIBUTION, ETC. (IMPRINT)
Place of publication, distribution, etc New York :
Name of publisher, distributor, etc The Modern Library,
Date of publication, distribution, etc 1950.
300 ## - PHYSICAL DESCRIPTION
Pagination xvi, 921 p. ;
Dimensions 17 cm.
600 ## - SUBJECT ADDED ENTRY--PERSONAL NAME
Personal name Emerson, Ralph Waldo, 1803-1882
650 ## - SUBJECT ADDED ENTRY--TOPICAL TERM
Topical term or geographic name as entry element American essays
700 ## - ADDED ENTRY--PERSONAL NAME
Personal name Atkinson, Brooks
942 ## - ADDED ENTRY ELEMENTS (KOHA)
Source of classification or shelving scheme Dewey Decimal Classification
Koha item type Books
Holdings
Source of classification or shelving scheme Damaged status Not for loan Home library Current library Shelving location Total Checkouts Full call number Barcode Date last seen Copy number Koha item type
Dewey Decimal Classification     JCC Rouf Library JCC Rouf Library General Stacks   814.36 COM 1950 12007 03/07/2018 C - 1 Books

JCC Library | Contacts | JCC Home

Last Update on 23 September 2017
Copyright @ 2017-2020 JCC Rouf Library
Rouf Library, Jhenidah Cadet College (JCC), Bangladesh